Quizzes
Events
Quiz Creation
Community
Videos
Private Events
Remove Ads
Sign In
Join for FREE
Feedback
Dark Mode
Quiz Categories
Sports
Geography
Music
Movies
Television
Just For Fun
Miscellaneous
History
Literature
Language
Science
Gaming
Entertainment
Religion
Holiday
For Kids
Quiz Lab
Recent
Popular Today
Quiz Kudos Today
Editor Picks
Curator Picks
Quizzes by...
Day
Popularity
Type
Ratings
Length
Year
Community
Subscriptions
Recent Discussions
Orange Saloon
Badges
Playlists
Quests
Create
Leaderboards
Showdown
Live 5
Trivia Bingo
Activity
Puzzle Library
Sporcle Events
Private Events
Virtual Trivia
Globe League
Become a Host
Pub Owners
SporcleCon
Opinionation
Our Games
Videos
Blog
Mobile Apps
Partnerships
Remove Ads and Go Orange
Feedback
Music
Pop Music
The Beatles
Song
Album
Lyrics
Bands
Singers
Artist
Clip
Rock
Rap
Classical
Billboard
Country Music
Kpop
Taylor Swift
Music
Pop Music
The Beatles
Song
Album
Lyrics
Bands
Singers
Artist
Clip
Rock
Rap
Classical
Billboard
Country Music
Kpop
Taylor Swift
Random Quiz
Search Sporcle
×
Quiz Lab
Quiz Lab
Music
Album
Type in answers that appear in a list
Type in answers that appear in a list
Classic
Best Score? Go Orange.
Songs the Monkees Wrote Stats
Can you name the songs that the Monkees themselves wrote?
By
izumisano
10m
40 Questions
288 Plays
288 Plays
288 Plays
Comments
Comments
Give Quiz Kudos
Give Quiz Kudos
-
- Ratings
hide this ad
More Info
Replay
Link that replays current quiz
Next Quiz
Link to next quiz in quiz playlist
You Got
0%
They Got
Avg Score
53%
Avg Friend Score
Upgrade to see
Score Distribution
Jump to the score distribution portion of the page
Score
0/40
Timer
10:00
0
Plays Today
Album
Song
% Correct
The Monkees
Papa Gene's Blues
86.5%
Headquarters
Randy Scouse Git
83.3%
Headquarters
For Pete's Sake
78.8%
More of the Monkees
Mary, Mary
74.3%
The Monkees
Sweet Young Thing
74%
Head
Circle Sky
70.8%
The Birds, The Bees & The Monkees
Tapioca Tundra
68.1%
Headquarters
Zilch
67%
Pisces, Aquarius, Capricorn & Jones Ltd.
Daily Nightly
66%
Headquarters
You Just May Be the One
65.6%
Headquarters
You Told Me
65.6%
Head
Can You Dig It?
65.6%
The Monkees Present
Listen to the Band
64.6%
Headquarters
Sunny Girlfriend
61.8%
Headquarters
No Time
61.5%
More of the Monkees
The Kind of Girl I Could Love
59.4%
Head
Long Title: Do I Have To Do This All Over Again
58.7%
Pisces, Aquarius, Capricorn & Jones Ltd.
Don't Call On Me
58%
The Birds, The Bees & The Monkees
Auntie's Municipal Court
57.6%
The Birds, The Bees & The Monkees
Writing Wrongs
52.4%
Album
Song
% Correct
The Birds, The Bees & The Monkees
Magnolia Simms
51.4%
The Birds, The Bees & The Monkees
The Poster
51%
Pisces, Aquarius, Capricorn & Jones Ltd.
Peter Percival Patterson's Pet Pig Porky
50.3%
The Birds, The Bees & The Monkees
Dream World
49.3%
The Monkees Present
Mommy and Daddy
49%
The Monkees Present
Good Clean Fun
48.3%
Instant Replay
You and I
47.9%
Pisces, Aquarius, Capricorn & Jones Ltd.
Hard to Believe
46.5%
Instant Replay
Shorty Blackwell
44.1%
Instant Replay
While I Cry
40.6%
Pool It!
Midnight
40.3%
Changes
Midnight Train
39.6%
The Monkees Present
Never Tell a Woman Yes
37.8%
The Monkees Present
Little Girl
36.1%
Instant Repaly
Don't Wait For Me
33%
Instant Replay
Just A Game
31.6%
The Monkees Present
Bye Bye Baby Bye Bye
30.6%
Pool It!
Gettin' In
25.3%
The Monkees Present
If I knew
25%
Pool It!
(I'll) Love You Forever
21.2%
Quiz Playlist
Details
Report
Send in Message
Add To Playlist
More Info:
Doesn't include Justus because they wrote everything
Classic:
Type in answers that appear in a list
Last Updated: Feb 16, 2017
Quiz Scoreboard
CHALLENGE
Sign Up to Join the Scoreboard
Show All
Scores
Hide
Comments
May contain spoilers
Recently Published
Pick 6: Fruits
by JohnFran
Miscellaneous
15s
Click the 1999 NBA Draft
by nibperrychub
Sports
2m
Alphabetical 'K' Countries by Flag Minefield
by ylime102
Geography
3m
More to Explore
Quiz From the Vault
Featured Blog Post
15 Basketball Trivia Facts You Can Be March Mad About
hide this ad
You Might Also Like...
Tags
Album Quiz
Song Quiz
Composer
Monkey
Themselves
Today's Top Quizzes in Music
Browse Music
hide this ad
Today's Top Quizzes in Album
Browse Album
Top Contributed Quizzes in Music
1
Taylor Swift All Songs (2024)
2
KPOP LOGIC QUIZ
3
A Taylor Swift Logic Puzzle
4
K-Pop Murder Mystery Logic Quiz
5
Taylor Swift Logic Puzzle
6
Guess the Taylor Swift song (Mystery Song)
7
Guess The Taylor Swift Lyrics Song #1
8
NCT 2020 Logic Puzzle
9
Joni Mitchell—'Car on a Hill' Lyrics
10
kpop group name match up
Explore More
Trending Topics
Disney
NBA
Harry Potter
Kpop
Anime
Crossword
Marvel
Soccer
Puzzle
WWE
Country
NFL
The Office
Song
Pokémon
hide this ad
More By:
izumisano
Quiz
Plays
Rating
Category
Featured
Created
Songs the Monkees Wrote
288
5.00
Music
Sep 24, 2011
Go to Creator's Profile
Score Distribution
Quiz Creator Spotlight
izumisano
Follow
Send a Message
Quizzes Created
-
Created Quiz Play Count
-
More By This Creator
Popular Quizzes Today
1
Countries of Asia Without Outlines Minefield
2
Find the US States - No Outlines Minefield
3
Pick 6: Fruits
4
Alphabetical 'K' Countries by Flag Minefield
5
The Countries of the World
6
Find the US States
7
Match the Book to the Film X
8
US States
More Music Quizzes
Queen Songs By Album Blitz
Curator's Pick
Trending Quizzes
Pick 6: Harry Potter
Pick 6: Mountains
Pick 6: NFL Teams
Pick 6: Movie Franchises
Pick 6: Golfers
Recently Updated
NWSL Teams
pecheneg
Women's Final Four Teams by Year
bhenderson79
Presidents Quartet II
eogle
Anything But Clue(do)
eogle
Anything But Oceanian Capitals
eogle
Anything But 7
eogle
Anything But Thing
eogle
Word Ladder: February 29
pecheneg
Song Title Questions
pecheneg
Women's NCAA Tournament #1 Seeds
pecheneg
Trending Topics
Harry Potter
Crossword
NBA
Marvel
Kpop
Anime
Disney
The Office
Country
WWE
Puzzle
Soccer
Song
NFL
Pokémon
Your Account Isn't Verified!
In order to create a playlist on Sporcle, you need to verify the email address you used during registration. Go to your
Sporcle Settings
to finish the process.
Report this User
Report this user for behavior that violates our
Community Guidelines
.
Details:
Send Report
Go to the Sporcle.com Mobile Site →
Comments